Tổng tập văn học Việt Nam

में बचाया:
ग्रंथसूची विवरण
स्वरूप: पुस्तक
भाषा:Undetermined
प्रकाशित: Hà Nội Khoa học Xã hội 1996
विषय:
टैग : टैग जोड़ें
कोई टैग नहीं, इस रिकॉर्ड को टैग करने वाले पहले व्यक्ति बनें!
Thư viện lưu trữ: Trung tâm Học liệu Trường Đại học Cần Thơ
LEADER 00488nam a2200169Ia 4500
001 CTU_76462
008 210402s9999 xx 000 0 und d
082 |a 895.922 
082 |b T455/T.34 
245 0 |a Tổng tập văn học Việt Nam 
245 0 |c Hồng Chương 
260 |a Hà Nội 
260 |b Khoa học Xã hội 
260 |c 1996 
650 |a Vietnamese literature 
904 |i Tuyến,Hải 
980 |a Trung tâm Học liệu Trường Đại học Cần Thơ